[Event "VII. Berecz memorial A 2019"]
[Site "?"]
[Date "2020.01.04"]
[Round "5.1"]
[White "Ress, Tamas"]
[Black "Papp Z., Csaba"]
[Result "1-0"]
[WhiteElo "2242"]
[BlackElo "2151"]
[PlyCount "77"]
[EventDate "2020.01.02"]

1. c4 c5 2. Nc3 Nc6 3. g3 g6 4. Bg2 Bg7 5. d3 d6 6. f4 Bd7 7. e3 a6 8. Qc2 Rb8
9. b3 b5 10. cxb5 axb5 11. Bb2 b4 12. Ne4 Bxb2 13. Qxb2 Nf6 14. Nf3 O-O 15.
Nxf6+ exf6 16. Nd2 f5 17. O-O Re8 18. Rfe1 Ne7 19. Rac1 Bc6 20. Bxc6 Nxc6 21.
d4 Rb5 22. dxc5 dxc5 23. Nc4 Qe7 24. Rcd1 Rbb8 25. Qg2 Qe4 26. Qxe4 Rxe4 27.
Rd5 Ra8 28. Rxc5 Nd4 29. Rd1 Ne2+ 30. Kf1 Nc3 31. Rd7 Rxa2 32. Rc8+ Kg7 33.
Rcc7 Kh6 34. Rxf7 Kh5 35. h3 h6 36. Rc6 Ra1+ 37. Kf2 Re8 38. Ne5 Raa8 39. Rxf5+
1-0

[Event "VII. Berecz memorial A 2019"]
[Site "?"]
[Date "2020.01.04"]
[Round "5.2"]
[White "Miszler, Levente"]
[Black "Kopasz, Robert"]
[Result "1/2-1/2"]
[WhiteElo "2180"]
[BlackElo "2337"]
[PlyCount "81"]
[EventDate "2020.01.02"]

1. Nf3 Nf6 2. c4 c5 3. g3 b6 4. Bg2 Bb7 5. O-O g6 6. Nc3 Bg7 7. d3 O-O 8. e4 d6
9. Bd2 Nbd7 10. Qc1 e6 11. Bh6 Ne5 12. Bxg7 Nxf3+ 13. Bxf3 Kxg7 14. Bg2 Rb8 15.
f4 a6 16. Qd2 Ng8 17. Rad1 Ne7 18. d4 Nc6 19. Ne2 e5 20. d5 Nd4 21. Nxd4 cxd4
22. f5 f6 23. h4 Bc8 24. g4 gxf5 25. gxf5 Rb7 26. Rf3 Kh8 27. Rg3 Rg8 28. Rxg8+
Qxg8 29. Qh6 Qg7 30. Qxg7+ Rxg7 31. Kh2 Rc7 32. Rc1 a5 33. Bf1 Kg7 34. Rb1 Ba6
35. a4 Rc8 36. b3 Kh6 37. Be2 Rc7 38. Rg1 Rc8 39. Kh3 Rd8 40. Rb1 Rc8 41. Rg1
1/2-1/2

[Event "VII. Berecz memorial A 2019"]
[Site "?"]
[Date "2020.01.04"]
[Round "5.3"]
[White "Horvath, Zsolt"]
[Black "Szajbely, Zsigmond"]
[Result "1-0"]
[WhiteElo "2398"]
[BlackElo "2287"]
[PlyCount "87"]
[EventDate "2020.01.02"]

1. e4 c5 2. Nf3 d6 3. Bb5+ Bd7 4. Bxd7+ Qxd7 5. c4 Qg4 6. O-O Qxe4 7. d4 Qc6 8.
Re1 g6 9. Nc3 Bg7 10. Bg5 f6 11. d5 Qd7 12. Bf4 Bh6 13. Qd2 g5 14. Be3 Na6 15.
Nb5 Bg7 16. h4 g4 17. Nh2 h5 18. Bf4 Kf7 19. Re6 Nc7 20. Nxc7 Qxc7 21. Rae1 b5
22. Nf1 bxc4 23. Ne3 Qb7 24. Nxc4 Bf8 25. Qd3 a5 26. Qf5 Ra7 27. Kh2 Kg7 28. f3
Qa8 29. fxg4 Qe8 30. g5 Qg6 31. Qh3 Qc2 32. Ne3 Qxb2 33. Nf5+ Kf7 34. Qg3 fxg5
35. hxg5 Bg7 36. Bxd6 Bc3 37. R1e2 Qa1 38. Bxc5 Rb7 39. g6+ Kf8 40. g7+ Bxg7
41. Nxg7 Rb1 42. Rf2+ Nf6 43. Rfxf6+ Kg8 44. Nf5+ 1-0

[Event "VII. Berecz memorial A 2019"]
[Site "?"]
[Date "2020.01.04"]
[Round "5.4"]
[White "Tatar Kis, Szabolcs"]
[Black "Dobai, Szabolcs"]
[Result "1-0"]
[WhiteElo "2372"]
[BlackElo "2185"]
[PlyCount "83"]
[EventDate "2020.01.02"]

1. Nf3 Nf6 2. c4 c5 3. g3 b6 4. Bg2 Bb7 5. O-O e6 6. b3 Be7 7. Bb2 O-O 8. e3 d6
9. Qe2 Nbd7 10. d3 a6 11. Nc3 Qc7 12. Nh4 Bxg2 13. Nxg2 Qc6 14. g4 b5 15. g5
Ne8 16. f4 b4 17. Ne4 d5 18. Ng3 f5 19. Rae1 g6 20. cxd5 exd5 21. e4 fxe4 22.
dxe4 d4 23. Qc4+ Rf7 24. Bxd4 Qb5 25. Ba1 Qxc4 26. bxc4 Nb6 27. Ne3 Nd6 28. Rc1
Raf8 29. Ng4 Rc8 30. e5 Ndxc4 31. Nh6+ Kf8 32. e6 Rf5 33. Ngxf5 gxf5 34. Nxf5
Nd6 35. Nxe7 Kxe7 36. f5 Nbc4 37. Rce1 Nd2 38. f6+ Kf8 39. Rf4 N2e4 40. Rexe4
Nxe4 41. Rxe4 c4 42. Be5 1-0

[Event "VII. Berecz memorial A 2019"]
[Site "?"]
[Date "2020.01.04"]
[Round "5.5"]
[White "Csizmadia, Laszlo"]
[Black "Fekete, Albert"]
[Result "0-1"]
[WhiteElo "2346"]
[BlackElo "2169"]
[PlyCount "88"]
[EventDate "2020.01.02"]

1. d4 Nf6 2. c4 c5 3. d5 b5 4. cxb5 a6 5. bxa6 Bxa6 6. Nc3 g6 7. e4 Bxf1 8.
Kxf1 d6 9. Nf3 Nbd7 10. g3 Bg7 11. Kg2 O-O 12. h3 Ra6 13. Bg5 h6 14. Be3 Qa8
15. Qd2 Kh7 16. Rab1 Rb8 17. b3 Rb4 18. Qc2 e6 19. Rhd1 exd5 20. exd5 Nh5 21.
a4 f5 22. Bd2 Ne5 23. Nxe5 Bxe5 24. f4 Bg7 25. Kh2 Nf6 26. Nb5 Rxb5 27. axb5
Ra2 28. Qd3 Ne4 29. Rbc1 Nf2 30. Qe3 Nxd1 31. Rxd1 Qxd5 32. h4 Rb2 33. Kh3 Rxb3
34. Qe2 Qe4 35. Qxe4 fxe4 36. Ba5 Rxb5 37. Bc7 Bd4 38. Bxd6 e3 39. Kg4 Rb2 40.
Be5 e2 41. Ra1 Ra2 42. Rb1 Ra1 43. Rb7+ Kg8 44. h5 Bxe5 0-1

[Event "VII. Berecz memorial A 2019"]
[Site "?"]
[Date "2020.01.04"]
[Round "5.6"]
[White "Samu, Gabor Jr."]
[Black "Papp, Bence"]
[Result "1-0"]
[WhiteElo "2311"]
[BlackElo "2140"]
[PlyCount "61"]
[EventDate "2020.01.02"]

1. d4 f5 2. c4 Nf6 3. g3 g6 4. Bg2 Bg7 5. Nc3 O-O 6. Nf3 d6 7. O-O Nc6 8. d5
Na5 9. Qd3 e5 10. dxe6 Bxe6 11. b3 Nc6 12. Rb1 Kh8 13. Bb2 Qe7 14. Ng5 Bg8 15.
Qd2 Rae8 16. h4 Nh5 17. e3 Ne5 18. Nd5 Qd7 19. Nf4 Nxf4 20. exf4 Nc6 21. Bxg7+
Qxg7 22. Bxc6 bxc6 23. Rfe1 c5 24. Nf3 Be6 25. Qa5 Qd7 26. Re3 Qc6 27. Ng5 Bc8
28. Rbe1 Bb7 29. f3 h6 30. Qc3+ Kg8 31. Re7 1-0

[Event "VII. Berecz memorial A 2019"]
[Site "?"]
[Date "2020.01.04"]
[Round "5.7"]
[White "Udvardi, Zalan"]
[Black "Tubak, Daniel"]
[Result "1-0"]
[WhiteElo "2210"]
[BlackElo "2231"]
[PlyCount "55"]
[EventDate "2020.01.02"]

1. e4 g6 2. d4 Bg7 3. Nc3 d6 4. f4 a6 5. a4 b6 6. Nf3 Bb7 7. Bc4 e6 8. O-O Ne7
9. f5 exf5 10. exf5 d5 11. Bd3 Qd6 12. Bg5 Nbc6 13. Re1 O-O-O 14. a5 f6 15. Re6
Qd7 16. Bxf6 Nxf5 17. Rxc6 Bxc6 18. Ne5 Bxf6 19. Nxd7 Rxd7 20. Bxf5 gxf5 21.
axb6 cxb6 22. Rxa6 Kb7 23. Ra1 Re7 24. Qd3 Kb8 25. Nb5 Rhe8 26. Qg3+ Be5 27.
dxe5 Bxb5 28. Qb3 1-0

[Event "VII. Berecz memorial A 2019"]
[Site "?"]
[Date "2020.01.04"]
[Round "5.8"]
[White "Torok, Csaba"]
[Black "Marta, Dominik"]
[Result "1/2-1/2"]
[WhiteElo "1719"]
[BlackElo "2114"]
[PlyCount "160"]
[EventDate "2020.01.02"]

1. e4 Nf6 2. e5 Nd5 3. d4 d6 4. c4 Nb6 5. exd6 exd6 6. Nc3 Be7 7. Be3 O-O 8.
Rc1 Bg5 9. Nf3 Re8 10. Be2 Bxe3 11. fxe3 Rxe3 12. O-O Bg4 13. Qd2 Qe8 14. c5
Na4 15. Bb5 Bd7 16. Bxd7 Nxd7 17. Nxa4 Nf6 18. Nc3 dxc5 19. dxc5 Rd8 20. Qc2
Qe7 21. b4 a5 22. a3 Rdd3 23. Qb2 Ng4 24. Rce1 Qe6 25. Nd1 Rxe1 26. Rxe1 Qc6
27. Ne5 Nxe5 28. Qxe5 h6 29. Qe8+ Qxe8 30. Rxe8+ Kh7 31. Nb2 Rxa3 32. bxa5 Rxa5
33. Nd3 Ra3 34. Rd8 Rc3 35. h3 b6 36. cxb6 cxb6 37. Rd7 f6 38. Nb4 b5 39. Rd5
Rb3 40. Rxb5 g5 41. Rb6 Rb1+ 42. Kh2 Kg6 43. Nd5 Rf1 44. Ne3 Re1 45. Ng4 Rf1
46. Ne5+ Kf5 47. Nf3 h5 48. Rb5+ Kg6 49. Rd5 Rf2 50. Kg3 Ra2 51. Rc5 Rb2 52.
Nd4 Rd2 53. Nf3 Ra2 54. Ne1 Ra3+ 55. Kh2 Ra2 56. Nc2 Rb2 57. Rc6 Rb1 58. Ne3
Re1 59. Nd5 Rf1 60. Kg3 Kg7 61. Rc7+ Kg6 62. Re7 Rd1 63. Nc7 Rd3+ 64. Kf2 Rd2+
65. Kf1 Ra2 66. Ne8 Ra1+ 67. Kf2 Ra2+ 68. Kg3 Ra3+ 69. Kh2 Ra6 70. Rg7+ Kh6 71.
Rf7 Kg6 72. Rf8 Rb6 73. Nc7 Rc6 74. Nd5 Kg7 75. Rg8+ Kh7 76. Rb8 Rd6 77. Rb7+
Kh6 78. Ne7 Rd1 79. Nf5+ Kg6 80. Ne3 Rd3 1/2-1/2

[Event "VII. Berecz memorial A 2019"]
[Site "?"]
[Date "2020.01.04"]
[Round "5.9"]
[White "Tapodi, Norman Lajos"]
[Black "Toth, Nikoletta"]
[Result "1/2-1/2"]
[WhiteElo "2033"]
[BlackElo "2003"]
[PlyCount "52"]
[EventDate "2020.01.02"]

1. d4 d5 2. c4 e6 3. Nc3 Be7 4. Nf3 Nf6 5. Bf4 O-O 6. e3 c5 7. dxc5 Bxc5 8. Qc2
b6 9. cxd5 Nxd5 10. Rd1 Bb7 11. a3 Qc8 12. Bd3 Nxf4 13. exf4 Bxf3 14. gxf3 f5
15. b4 Be7 16. Nb5 Nc6 17. Rc1 a6 18. Qxc6 axb5 19. Ke2 Qxc6 20. Rxc6 Rxa3 21.
Rb1 Rd8 22. Rxe6 Raxd3 23. Rxe7 Rd2+ 24. Ke1 R2d7 25. Re5 Rd5 26. Re6 R5d6
1/2-1/2

[Event "VII. Berecz memorial A 2019"]
[Site "?"]
[Date "2020.01.04"]
[Round "5.10"]
[White "Megyaszai, Balazs"]
[Black "Koszta, Benedek"]
[Result "1/2-1/2"]
[WhiteElo "1904"]
[BlackElo "2096"]
[PlyCount "68"]
[EventDate "2020.01.02"]

1. e4 c5 2. Nf3 d6 3. d4 cxd4 4. Nxd4 Nf6 5. Nc3 a6 6. Be3 e5 7. Nb3 Be6 8. f3
Be7 9. Qd2 Nbd7 10. O-O-O O-O 11. g4 b5 12. g5 b4 13. Nd5 Nxd5 14. exd5 Bf5 15.
Qxb4 a5 16. Qd2 a4 17. Na1 Rb8 18. h4 Qc7 19. Bh3 Bxh3 20. Rxh3 Rfc8 21. Rh2
Qb7 22. b3 axb3 23. Nxb3 Ra8 24. Kb1 Ra4 25. c3 Rca8 26. Qc1 e4 27. Rb2 Qa6 28.
f4 Rxa2 29. Rdd2 Ra3 30. Kc2 Nb6 31. Bxb6 Qxb6 32. Rd4 Rc8 33. Qe3 f5 34. Rxe4
Qxe3 1/2-1/2

[Event "VII. Berecz memorial A 2019"]
[Site "?"]
[Date "2020.01.04"]
[Round "5.11"]
[White "Balint, Richard"]
[Black "Bacsi, Kristof"]
[Result "1-0"]
[WhiteElo "2041"]
[BlackElo "1777"]
[PlyCount "83"]
[EventDate "2020.01.02"]

1. e4 e6 2. d4 d5 3. e5 c5 4. c3 Nc6 5. f4 Qb6 6. Nf3 Bd7 7. a4 cxd4 8. cxd4
Bb4+ 9. Nc3 Nh6 10. Be3 Nf5 11. Bf2 h5 12. Bd3 Na5 13. O-O Ne7 14. Rc1 Rc8 15.
Bh4 Bxc3 16. bxc3 Nc4 17. Qe2 Bxa4 18. Ra1 Bb5 19. Bxe7 Kxe7 20. f5 a6 21. fxe6
fxe6 22. Nh4 Be8 23. Rab1 Qc6 24. Bxc4 dxc4 25. Qe3 Rh7 26. Qg5+ Kd7 27. Ng6
Bxg6 28. Qxg6 Rch8 29. Rf7+ Kc8 30. Rfxb7 Qxb7 31. Rxb7 Kxb7 32. Qf7+ Kb8 33.
Qxe6 Rc8 34. Qxa6 Rh6 35. Qb5+ Ka8 36. d5 h4 37. d6 h3 38. Qa6+ Kb8 39. Qb6+
Ka8 40. d7 Rxb6 41. dxc8=Q+ Ka7 42. gxh3 1-0

[Event "VII. Berecz memorial A 2019"]
[Site "?"]
[Date "2020.01.04"]
[Round "5.12"]
[White "Matyassy, Lazar"]
[Black "Bernath, Robert"]
[Result "1-0"]
[WhiteElo "1822"]
[BlackElo "2035"]
[PlyCount "39"]
[EventDate "2020.01.02"]

1. e4 e5 2. Nc3 Nf6 3. f4 d5 4. fxe5 Nxe4 5. Qf3 Nc6 6. Bb5 Nxc3 7. dxc3 a6 8.
Bxc6+ bxc6 9. Nh3 Be7 10. O-O O-O 11. Be3 f6 12. exf6 Bxf6 13. Nf4 Rb8 14. Bc5
Be7 15. Bxe7 Qxe7 16. b3 Bf5 17. Rf2 Rbe8 18. Raf1 Be4 19. Qg3 Rf6 20. Nxd5 1-0

[Event "VII. Berecz memorial A 2019"]
[Site "?"]
[Date "2020.01.04"]
[Round "5.13"]
[White "Toth, Sandor Sr."]
[Black "Palotai, Bendeguz"]
[Result "1/2-1/2"]
[WhiteElo "1745"]
[BlackElo "2024"]
[PlyCount "132"]
[EventDate "2020.01.02"]

1. d4 Nf6 2. c4 g6 3. Nc3 Bg7 4. Nf3 d6 5. e4 O-O 6. Be2 Nbd7 7. O-O e5 8. dxe5
dxe5 9. Re1 c6 10. Bg5 Qc7 11. Qc2 Nc5 12. Rad1 Ne6 13. Be3 Ng4 14. Bc1 f6 15.
Bd2 Nh6 16. Qc1 Nf7 17. b4 f5 18. a3 f4 19. c5 g5 20. h3 Qe7 21. Nb1 Nd4 22.
Nh2 Qf6 23. Bc3 Nxe2+ 24. Rxe2 h5 25. f3 Be6 26. Red2 Bb3 27. Re1 Rad8 28. Ree2
Qg6 29. Rxd8 Rxd8 30. Rd2 Rxd2 31. Qxd2 Be6 32. Qd1 Kh7 33. Nd2 Nh6 34. Qe2 g4
35. hxg4 hxg4 36. fxg4 Nxg4 37. Nxg4 Bxg4 38. Nf3 Qh5 39. Kf2 Bf6 40. Qf1 Kg7
41. Qd1 Qf7 42. Qd2 Qc4 43. Nxe5 Qe6 44. Qxf4 Bh5 45. Qg3+ Kf8 46. Nd7+ Qxd7
47. Bxf6 Qd2+ 48. Kg1 Qd1+ 49. Kh2 Qd7 50. Qh4 Qg4 51. Qxg4 Bxg4 52. Kg3 Bd1
53. Kf4 Ke8 54. g4 Kf7 55. Be5 Ke6 56. Bb8 a6 57. Be5 Be2 58. g5 Bh5 59. Bf6
Bg6 60. Bb2 Bh5 61. Ke3 Bf7 62. Kd4 Bg6 63. a4 Bh7 64. Ke3 Bg6 65. Bf6 Bh5 66.
Bd4 Bd1 1/2-1/2

[Event "VII. Berecz memorial A 2019"]
[Site "?"]
[Date "2020.01.04"]
[Round "5.14"]
[White "Bilku, Andras"]
[Black "Jojart, Zsolt"]
[Result "0-1"]
[WhiteElo "1998"]
[BlackElo "1672"]
[PlyCount "92"]
[EventDate "2020.01.02"]

1. d4 Nf6 2. c4 g6 3. Nc3 Bg7 4. e4 d6 5. Nf3 O-O 6. h3 e5 7. d5 a5 8. Bg5 Na6
9. Be2 Qe8 10. Nd2 Nc5 11. g4 c6 12. Rg1 Bd7 13. a3 cxd5 14. Bxf6 Bxf6 15. b4
Ne6 16. Nxd5 Bd8 17. Nf3 Bc6 18. b5 Bxd5 19. Qxd5 a4 20. Qxd6 Bc7 21. Qd1 Ba5+
22. Kf1 Bc3 23. Rb1 Nf4 24. Qc2 Ba5 25. Rg3 Bb6 26. Ne1 Ne6 27. Nf3 Bc5 28. Rd1
Qe7 29. Rd5 f6 30. Qd1 Rf7 31. Rd3 Nf4 32. Rc3 Qc7 33. Qc2 Rd7 34. Ne1 Qd8 35.
Nf3 Qb6 36. h4 Qa7 37. g5 Bxf2 38. b6 Bxb6 39. c5 Ba5 40. Bc4+ Kg7 41. Qxa4
Rad8 42. gxf6+ Kxf6 43. Rc1 Qxc5 44. Ne1 Bb6 45. Qc2 Rd2 46. Nd3 R8xd3 0-1

[Event "VII. Berecz memorial A 2019"]
[Site "?"]
[Date "2020.01.04"]
[Round "5.15"]
[White "Panda, Barnabas"]
[Black "Helenyi, Zoltan"]
[Result "0-1"]
[WhiteElo "1728"]
[BlackElo "1991"]
[PlyCount "106"]
[EventDate "2020.01.02"]

1. d4 d5 2. c4 c6 3. Nf3 Nf6 4. Nc3 Bf5 5. cxd5 Nxd5 6. Qb3 Nb6 7. e4 Be6 8.
Qd1 Bg4 9. Be2 e6 10. O-O Bd6 11. Bg5 Qc7 12. e5 Be7 13. Bxe7 Qxe7 14. Ne4 O-O
15. Rc1 Rd8 16. Qd2 N8d7 17. Qe3 Nd5 18. Qd2 h6 19. Nd6 Rab8 20. Rfd1 N5b6 21.
Qf4 Bh5 22. Bd3 Nf8 23. Bb1 Nc8 24. Ne4 Bg6 25. Nf6+ Kh8 26. Ne4 Bh7 27. g4 Nb6
28. g5 h5 29. Qh4 Bxe4 30. Bxe4 g6 31. Qg3 Rd7 32. h4 Rbd8 33. Qf4 Kg8 34. Qd2
Nd5 35. Qa5 a6 36. a3 Rc8 37. b4 Qd8 38. Qxd8 Rcxd8 39. Rc2 Kg7 40. Kf1 Nc7 41.
Kg1 Nb5 42. Rcd2 Nxa3 43. Ne1 Nc4 44. Rc2 Rxd4 45. Rxd4 Rxd4 46. Bd3 Nxe5 47.
Bf1 Rxb4 48. Ng2 Nf3+ 49. Kh1 Rb1 50. Ne3 Nxh4 51. Kh2 Nf3+ 52. Kg3 Nxg5 53.
Kf4 f6 0-1

[Event "VII. Berecz memorial A 2019"]
[Site "?"]
[Date "2020.01.04"]
[Round "5.16"]
[White "Fekete, Agnes"]
[Black "Lakatos, Alfred"]
[Result "1-0"]
[WhiteElo "1891"]
[BlackElo "1573"]
[PlyCount "87"]
[EventDate "2020.01.02"]

1. d4 g6 2. Nf3 Bg7 3. Bg5 Nf6 4. e3 d5 5. c4 Ne4 6. Bh4 Bg4 7. Be2 c6 8. O-O
Qb6 9. Nc3 Qa5 10. Nxe4 dxe4 11. Nd2 Bxe2 12. Qxe2 f5 13. b4 Qd8 14. Nb3 b6 15.
Rad1 Nd7 16. d5 c5 17. d6 Bf6 18. Bxf6 exf6 19. Qd2 O-O 20. Qd5+ Kg7 21. bxc5
bxc5 22. Nxc5 Nxc5 23. Qxc5 Rf7 24. Qd5 a5 25. Rb1 a4 26. c5 Ra5 27. Rb7 Rxb7
28. Qxb7+ Kh6 29. Rc1 Rxc5 30. Rxc5 Qxd6 31. Rc1 Qd2 32. Qb1 f4 33. exf4 e3 34.
fxe3 Qxe3+ 35. Kh1 a3 36. Rf1 Qe2 37. f5 g5 38. Rf3 Qe7 39. Qc1 Qe4 40. Rh3+
Kg7 41. Rxa3 Qxf5 42. Rf3 Qe4 43. Qa1 Qe6 44. a4 1-0

[Event "VII. Berecz memorial A 2019"]
[Site "?"]
[Date "2020.01.04"]
[Round "5.17"]
[White "Kardos, Levente"]
[Black "Papp, Balazs"]
[Result "0-1"]
[WhiteElo "1699"]
[BlackElo "2102"]
[PlyCount "48"]
[EventDate "2020.01.02"]

1. d4 Nf6 2. c4 c5 3. d5 e6 4. Nc3 exd5 5. cxd5 d6 6. Nf3 g6 7. e4 Bg7 8. h3
O-O 9. Bd3 Bd7 10. Bf4 Re8 11. Bxd6 c4 12. Be2 Nxe4 13. Nxe4 Rxe4 14. Nd2 Re8
15. Nxc4 Bb5 16. Qc2 Bxc4 17. Qxc4 Qxd6 18. O-O Nd7 19. Rac1 Nb6 20. Qb5 a6 21.
Qd3 Bxb2 22. Rb1 Be5 23. Rfd1 Na4 24. Rbc1 Nb2 0-1

[Event "VII. Berecz memorial A 2019"]
[Site "?"]
[Date "2020.01.04"]
[Round "5.18"]
[White "Szilassi, Abel"]
[Black "Balog, Imre"]
[Result "0-1"]
[WhiteElo "2021"]
[BlackElo "1854"]
[PlyCount "106"]
[EventDate "2020.01.02"]

1. e4 c6 2. d4 d5 3. Nc3 dxe4 4. Nxe4 Nd7 5. Ng5 Ngf6 6. Bd3 e6 7. N1f3 h6 8.
Ne4 Be7 9. Bf4 Nxe4 10. Bxe4 Nf6 11. Bd3 Nd5 12. Bg3 b6 13. O-O Bb7 14. c4 Nf6
15. Qe2 Nh5 16. Be5 Bf6 17. Rad1 Bxe5 18. Nxe5 Nf6 19. Bg6 fxg6 20. Nxg6 Kf7
21. Nxh8+ Qxh8 22. Rfe1 Qe8 23. Qe5 Rd8 24. Rd3 Qd7 25. Rde3 Bc8 26. c5 Qxd4
27. Qc7+ Qd7 28. cxb6 Qxc7 29. bxc7 Rd6 30. Ra3 a6 31. Rb3 Rd7 32. Rb6 Rxc7 33.
Rc1 Bb7 34. b3 Nd5 35. Rxb7 Rxb7 36. Rxc6 Rb6 37. Rc8 Nb4 38. a3 Rc6 39. Rxc6
Nxc6 40. b4 Nd4 41. a4 Ke7 42. f3 Kd6 43. Kf2 Kd5 44. Ke3 Nc2+ 45. Kf4 Nxb4 46.
Kg4 g6 47. f4 Nc2 48. h4 Ke4 49. g3 Ne3+ 50. Kh3 h5 51. a5 Nc4 52. g4 Kxf4 53.
gxh5 gxh5 0-1

[Event "VII. Berecz memorial A 2019"]
[Site "?"]
[Date "2020.01.04"]
[Round "5.19"]
[White "Nagy, Gabor"]
[Black "Pluhar, Andras"]
[Result "1-0"]
[WhiteElo "1854"]
[BlackElo "1878"]
[PlyCount "75"]
[EventDate "2020.01.02"]

1. e4 e5 2. Nf3 Nc6 3. d4 exd4 4. Nxd4 Nf6 5. Nxc6 bxc6 6. e5 Qe7 7. Qe2 Nd5 8.
c4 Ba6 9. b3 g6 10. Bb2 Bg7 11. Nd2 Nf4 12. Qe4 Ne6 13. Be2 O-O 14. O-O Rfe8
15. Nf3 Qc5 16. Rac1 Rab8 17. Rfe1 Bb7 18. Bf1 a5 19. Qc2 Bh6 20. Rcd1 Rbd8 21.
Nd2 Bg7 22. Ne4 Qe7 23. Bc3 Ra8 24. Qd2 d5 25. exd6 cxd6 26. Bxg7 Nxg7 27. Nxd6
Ne6 28. Nxe8 Rxe8 29. Qd7 c5 30. Qxe7 Rxe7 31. g3 Bc6 32. Bg2 Be8 33. Bd5 a4
34. Bxe6 fxe6 35. Rd8 Kf7 36. Rc8 axb3 37. axb3 Rb7 38. Re3 1-0

[Event "VII. Berecz memorial A 2019"]
[Site "?"]
[Date "2020.01.04"]
[Round "5.20"]
[White "Hajdu, Istvan"]
[Black "Nagy, Lajos"]
[Result "0-1"]
[WhiteElo "1863"]
[BlackElo "1765"]
[PlyCount "94"]
[EventDate "2020.01.02"]

1. e4 e5 2. Nf3 Nc6 3. d4 exd4 4. Bc4 Bc5 5. c3 Nf6 6. e5 d5 7. Bb5 Ne4 8. cxd4
Bb6 9. Nc3 O-O 10. h3 f6 11. exf6 Nxf6 12. O-O Qd6 13. Re1 Bf5 14. Be3 Ne7 15.
Rc1 c6 16. Bd3 Bc7 17. Ne5 Ne4 18. f4 Ng3 19. Bf2 Bxd3 20. Qxd3 Ngf5 21. g4 Nh6
22. Bg3 Qb4 23. a3 Qxb2 24. Rb1 Qxa3 25. Nxd5 Qd6 26. Nxe7+ Qxe7 27. Ng6 Qd6
28. Nxf8 Rxf8 29. Rxb7 Bb6 30. Qc4+ Kh8 31. Rd1 Ng8 32. Kg2 Nf6 33. f5 Qa3 34.
Qd3 Qa2+ 35. Rd2 Qd5+ 36. Qf3 Ne4 37. Rd3 Re8 38. Bf2 c5 39. Rxb6 axb6 40. dxc5
Qc4 41. cxb6 Nxf2 42. Kxf2 Qc5+ 43. Kg2 Qxb6 44. Rb3 Qd4 45. Rd3 Qb2+ 46. Kg3
Qe5+ 47. Kh4 Qf6+ 0-1

[Event "VII. Berecz memorial A 2019"]
[Site "?"]
[Date "2020.01.04"]
[Round "5.21"]
[White "Kocsmar, Akos"]
[Black "Markus, Molli Amina"]
[Result "1/2-1/2"]
[WhiteElo "1941"]
[BlackElo "1669"]
[PlyCount "71"]
[EventDate "2020.01.02"]

1. c4 Nf6 2. d4 g6 3. g3 Bg7 4. Bg2 O-O 5. Nf3 d6 6. O-O Nbd7 7. Nc3 e5 8. e4
c6 9. h3 Ne8 10. Re1 Nc7 11. Be3 Re8 12. Qc2 c5 13. d5 Nf8 14. g4 Bd7 15. Nd2
b5 16. cxb5 Nxb5 17. Nxb5 Bxb5 18. a4 Ba6 19. Bf1 Bxf1 20. Kxf1 Qd7 21. Kg2
Rab8 22. Nc4 Qc7 23. Bd2 Nd7 24. a5 a6 25. h4 h6 26. Rh1 Kh7 27. f3 Rg8 28. Rh3
f6 29. h5 g5 30. Bc3 Kh8 31. Qa4 Rgc8 32. Rhh1 Bf8 33. Rhd1 Kg7 34. Rd3 Rb5 35.
Na3 Rb7 36. Rc1 1/2-1/2

[Event "VII. Berecz memorial A 2019"]
[Site "?"]
[Date "2020.01.04"]
[Round "5.22"]
[White "Arato, Daniel"]
[Black "Retkes, Sandor"]
[Result "0-1"]
[WhiteElo "1706"]
[BlackElo "1925"]
[PlyCount "56"]
[EventDate "2020.01.02"]

1. d4 Nf6 2. Nf3 g6 3. g3 Bg7 4. Bg2 d6 5. c4 Na6 6. Nc3 c6 7. e4 O-O 8. O-O
Bg4 9. Be3 Nc7 10. Qd2 b5 11. b3 a5 12. Bg5 b4 13. Na4 Nxe4 14. Qf4 Bxf3 15.
Bxf3 Nxg5 16. Qxg5 Ne6 17. Qg4 Nxd4 18. Rad1 Nxf3+ 19. Qxf3 Qc7 20. Rfe1 Rfe8
21. Qe2 Rad8 22. c5 d5 23. Nb6 Qa7 24. Qg4 f5 25. Qe2 e5 26. f4 e4 27. Qc2 Qe7
28. Rc1 Bc3 0-1

[Event "VII. Berecz memorial A 2019"]
[Site "?"]
[Date "2020.01.04"]
[Round "5.23"]
[White "Panda, Gyorgy"]
[Black "Farkas, Sandor"]
[Result "0-1"]
[WhiteElo "1790"]
[BlackElo "1898"]
[PlyCount "98"]
[EventDate "2020.01.02"]

1. d4 e6 2. c4 Nf6 3. Nc3 Bb4 4. e3 b6 5. Bd3 Bb7 6. Nf3 Ne4 7. Qc2 Bxc3+ 8.
bxc3 f5 9. Ba3 d6 10. O-O O-O 11. Nd2 Qh4 12. f3 Nxd2 13. Qxd2 Qh6 14. Qe2 Nd7
15. e4 fxe4 16. fxe4 e5 17. c5 dxc5 18. dxc5 bxc5 19. Bc4+ Kh8 20. Rab1 Bc6 21.
Bd5 a6 22. c4 Rae8 23. Rb3 Rxf1+ 24. Qxf1 Rf8 25. Qe1 Bxd5 26. exd5 Qf4 27. Bc1
Qxc4 28. Bb2 Qxd5 29. Qe2 c4 30. Re3 Qc5 31. h3 Rb8 32. Bc3 Kg8 33. Kh2 Rf8 34.
Bb2 Rb8 35. Bc3 Re8 36. Re4 Nb6 37. Qh5 g6 38. Qg4 Qd6 39. Re2 e4+ 40. g3 Na4
41. Rd2 Qe6 42. Qxe6+ Rxe6 43. Rd8+ Kf7 44. Bb4 c5 45. Be1 e3 46. Rd1 Nb2 47.
Rd7+ Ke8 48. Rb7 Nd3 49. Ba5 e2 0-1

[Event "VII. Berecz memorial A 2019"]
[Site "?"]
[Date "2020.01.04"]
[Round "5.24"]
[White "Varga, Gabor"]
[Black "Kapicakova, Lucia"]
[Result "1-0"]
[WhiteElo "1853"]
[BlackElo "1601"]
[PlyCount "81"]
[EventDate "2020.01.02"]

1. e4 g6 2. d4 Bg7 3. f4 d6 4. Nf3 Nf6 5. Nc3 O-O 6. Bd3 Nc6 7. h3 e5 8. d5 Ne7
9. O-O exf4 10. Bxf4 Nh5 11. Bg5 h6 12. Bh4 Nf4 13. Qd2 Nxd3 14. cxd3 Bxc3 15.
bxc3 Kh7 16. Rf2 Qd7 17. Raf1 f5 18. Nd4 c5 19. Ne6 Rf7 20. g4 b6 21. c4 Ba6
22. exf5 gxf5 23. Bxe7 Qxe7 24. Rxf5 Rxf5 25. Rxf5 Bc8 26. Rh5 Qf6 27. g5 Qa1+
28. Kg2 Bxe6 29. Rxh6+ Kg7 30. Rxe6 Rf8 31. Qe2 Rf5 32. Re7+ Kf8 33. Re8+ Kg7
34. h4 Qd4 35. Re4 Qa1 36. Re7+ Kf8 37. Rxa7 Rf7 38. Ra8+ Kg7 39. h5 Rf5 40.
Ra7+ Rf7 41. h6+ 1-0

[Event "VII. Berecz memorial A 2019"]
[Site "?"]
[Date "2020.01.04"]
[Round "5.25"]
[White "Divald, Tamas"]
[Black "Szabo, Levente Jr."]
[Result "1/2-1/2"]
[WhiteElo "2087"]
[BlackElo "1784"]
[PlyCount "86"]
[EventDate "2020.01.02"]

1. e4 d5 2. exd5 Qxd5 3. Nc3 Qd8 4. d4 e6 5. Nf3 Nf6 6. Bg5 Be7 7. Qd2 h6 8.
Bf4 Bb4 9. Ne5 Nbd7 10. Bc4 Nb6 11. O-O Nxc4 12. Nxc4 Nd5 13. Be5 O-O 14. Qd3
f6 15. Bg3 Nxc3 16. bxc3 Bd6 17. f4 b6 18. Ne3 c5 19. d5 Re8 20. Rad1 c4 21.
Qxc4 Bc5 22. Bf2 Bxe3 23. Bxe3 exd5 24. Qd4 Be6 25. f5 Bf7 26. Rf4 Qe7 27. Bd2
Rac8 28. Re1 Qd7 29. Rxe8+ Qxe8 30. Qf2 Rc4 31. Rf3 Qe4 32. Rg3 Kh7 33. Bc1 Qe5
34. Rf3 Re4 35. Re3 Rxe3 36. Bxe3 Qxc3 37. Bd4 Qa3 38. c3 Qc1+ 39. Qf1 Qb2 40.
Qa6 Qc1+ 41. Qf1 Qxf1+ 42. Kxf1 Bh5 43. h3 Kg8 1/2-1/2